小野市?小野町? - Statistics

General Stats
  • This quiz has been taken 21 times
  • The average score is 7 of 10
Answer Stats
Hint Explanation Answer % Correct
自治体の中央に夏井川が流れる 小野町
94%
人口は約4.5万人 小野市:約4.5万人
小野町:約8,000人
小野市
81%
北部に高柴山がそびえる 小野町
81%
国道349号が通る 小野町
75%
町村とは隣接していない 小野市:加古川市、加西市、三木市、加東市
小野町:郡山市、田村市、いわき市、石川郡平田村
小野市
69%
高校が2校以上存在する 小野市は2校。
小野町は1校のみ
小野市
69%
そろばんの生産地として有名 播州そろばんの生産で有名。
雲州そろばんで有名な島根県奥出雲町と並んで二大産地とされる。
小野市
69%
1955年に誕生 小野市は1954年に発足 小野町
56%
中心駅の1日あたりの乗車人員は約1,500人 小野町の小野新町駅は約280人(2023年度) 小野市
50%
国の史跡である広渡廃寺跡がある 小野市
38%
No matching quizzes found
Score Distribution
Percent of People with Each Score
Percentile by Number Answered
Your Score History
You have not taken this quiz